Fundamentals Of Financial Management (Record no. 354505)

MARC details
000 -LEADER
fixed length control field 00359nam a2200145Ia 4500
008 - FIXED-LENGTH DATA ELEMENTS--GENERAL INFORMATION
fixed length control field 230719s9999 xx 000 0 und d
041 ## - LANGUAGE CODE
Language code of text/sound track or separate title eng
082 ## - DEWEY DECIMAL CLASSIFICATION NUMBER
Classification number 658.15
Item number BRI
100 ## - MAIN ENTRY--PERSONAL NAME
Personal name Brigham E.
9 (RLIN) 203901
245 ## - TITLE STATEMENT
Title Fundamentals Of Financial Management
260 ## - PUBLICATION, DISTRIBUTION, ETC. (IMPRINT)
Date of publication, distribution, etc. 2004
Name of publisher, distributor, etc. Thomson
300 ## - PHYSICAL DESCRIPTION
Extent 831
365 ## - TRADE PRICE
Currency code Rs.
Price amount 416.00
700 ## - ADDED ENTRY--PERSONAL NAME
Personal name Brigham E.
9 (RLIN) 203901
Holdings
Withdrawn status Lost status Damaged status Not for loan Home library Current library Shelving location Date acquired Vendor Cost, normal purchase price Full call number Barcode Date last seen Cost, replacement price Bill Date Koha item type Original Barcode
        Cummins College of Engineering for Women Pune Cummins College of Engineering for Women Pune Donated Book 08/09/2017 Masurkar Enterprises 416.00 658.15 CCEP-DB-710 19/07/2023 416.00 19/07/2023 Books D00710